Statistiques concernant Pays qui produisent le plus de pétrole

Cliquez ici pour prendre le quiz!

Statistiques générales

  • Ce quiz a été pris 4 123 fois
  • Le résultat moyen est 15 sur 20

Statistiques - réponses

barils par jourpays% Correct
8,88 MEtats-Unis
97%
10,5 MArabie Saoudite
96%
10,6 MRussie
94%
3,99 MIran
90%
4,45 MIrak
89%
3,98 MChine
88%
1,52 MQatar
87%
3,11 MÉmirats arabes unis
86%
3,66 MCanada
83%
2,52 MBrésil
77%
2,92 MKoweït
76%
2,28 MVenezuela
75%
1,00 MOman
74%
2,19 MMexique
74%
1,35 MAlgérie
67%
1,65 MNorvège
60%
1,60 MKazakhstan
54%
2,00 MNigeria
52%
0,939 MRoyaume-Uni
50%
1,77 MAngola
29%

Distribution des résultats

Percentile par nombre de réponses

% des personnes avec chaque résultat

Votre développement - résultats

Vous n’avez pas pris ce quiz